| 000 | 00356nam a2200145Ia 4500 | ||
|---|---|---|---|
| 008 | 230917s9999||||xx |||||||||||||| ||und|| | ||
| 040 |
_e126473 _aMAIN |
||
| 041 | _aEnglish | ||
| 082 | _a647.94068 S64H | ||
| 100 | _aSingh, U K | ||
| 245 | 0 | _aHotel management | |
| 260 |
_aNew Delhi _bAPH Publishing Corporation _c2009 |
||
| 300 | _a229 p. | ||
| 942 | _cBK | ||
| 999 |
_c152121 _d152121 |
||